header

Social mobility in Kerala (Record no. 11689)

MARC details
000 -LEADER
fixed length control field 01389nam a22003494a 4500
082 04 - DEWEY DECIMAL CLASSIFICATION NUMBER
Classification number 305.5/13/095483
100 1# - MAIN ENTRY--AUTHOR NAME
Personal name Osella, Filippo.
245 10 - TITLE STATEMENT
Title Social mobility in Kerala
260 ## - PUBLICATION, DISTRIBUTION, ETC. (IMPRINT)
Place of publication London ;
-- Sterling, Va. :
Name of publisher Pluto Press,
Year of publication c2000.
300 ## - PHYSICAL DESCRIPTION
Number of Pages xi, 320 p. :
Other physical details maps.
490 1# - SERIES STATEMENT
Series statement Anthropology, culture, and society
650 #0 - SUBJECT ADDED ENTRY--TOPICAL TERM
Topical Term Ezhavas.
Topical Term Social mobility
700 1# - ADDED ENTRY--PERSONAL NAME
Personal name Osella, Caroline.
856 40 - ELECTRONIC LOCATION AND ACCESS
Uniform Resource Identifier http://site.ebrary.com/lib/rucke/Doc?id=10015418

No items available.

© 2026 Rongo University
Contact us: librarian | system librarian | Rongo university